000 01879nam2a22002891 4500
001 v19\rc\1542931
005 20260406081455.0
035 _a(NLR Aleph) 005215321
090 _a5451089
_c5451089
100 _a20060620d1885 |||y0rusy50 ca
101 0 _arus
102 _aRU
105 _ay z |||||
200 1 _a[Путешествие их императорских высочеств государя великого князя Владимира Александровича и государыни великой княгини Марии Павловны]
210 _d1885
_aБ. м.
215 _a[4], 105 с.
461 0 _1001v19\rc\1542924
_12001#$aО высочайших посещениях Олонецкой губернии августейшими особами в XIX столетии$eИст. сб. Вып. 1-$vВып. 7
_93920245
_cПетрозаводск
_d1877-1896
_nОлонец. губ. стат. ком.
_oИст. сб. Вып. 1-
_tО высочайших посещениях Олонецкой губернии августейшими особами в XIX столетии
_vВып. 7
540 1 _aПутешествие их императорских высочеств государя великого князя Владимира Александровича и государыни великой княгини Марии Павловны
702 0 _4570
_8rus
_7ca
_aВладимир Александрович
_cвеликий князь
_f1847-1909
_3RU\NLR\AUTH\7745683
_928618
702 0 _4570
_8rus
_7ca
_aМария Павловна
_cвеликая княгиня
_f1854-1920
_3RU\NLR\AUTH\7758108
_941040
801 0 _aRU
_bNLR
_c20060620
_gpsbo
801 0 _aRU
_bRuMoRGB
_c20060620
_2psbo
801 1 _aRU
_bProSoft-M
_c20060620
_2rusmarc
801 2 _aRU
_bNLR
_c20120815
_2rusmarc
852 _aNLR
_j18.197.2.4
942 _cBOOK
980 _aNB